00518nam a2200157Ia 4500082001600000245008800016260006900104300002000173650002500193650002600218650002400244650001600268650001900284650001800303650003900321 a363.45 PRE; 0aPrescription for change: national drug policies,social transformation and the media aPhilippinebPhilippine Centre for Investigation Journalismc1992 a143p.: pictures aDrugs and mass media aPharmaceutical policy aDrugs - Prescribing aDrug policy aMedical policy aSocial change aDrugs - Dosage - Computer programs